00451nam a2200121Ia 4500008004100000041000800041082000800049100004100057245016700098260004900265300000900314440000600323221007s9999 xx 000 0 und d aeng bSUV aSuvarna Dhamdere & Suvarna Dhamdhere 2aA Study Of Various E-learning Practices Of Higher Education For Select On Campus And Distance Learning Programs In Faculty Of Management With Focus On Pune Region c2017bSavitribai Phule Pune UniversityaPune a375p v1